MARC

LEADER 00000nab a2200000 a 4500
001 vtls011553185
003 SK-MaSNL
005 20260318124700.0
008 180405c2016 xo mr p 000 c0ukr
015 |a SNBRB2016/05 
038 |a SVKPOCL 
040 |a SVKPOCL  |b slo  |c SVKPOCL  |e AACR2 
041 0 |a ukr 
044 |a xo  |c SK 
080 |a 80(=16)+908(4)  |2 2011 
080 |a 80(=161.25)+908(437.6)  |2 2011 
080 |a 94(437.7)  |2 2011 
080 |a (437.7)  |2 2011 
080 |a 323.15(=161.25)(437.7)  |2 2011 
080 |a 37.091.32  |2 2011 
080 |a 94(100)"1939/1945"  |2 2011 
100 1 |a Citriaková, Zdenka,  |d 1990-  |4 aut  |4 pht  |9 174528 
245 1 0 |a 35. naučnŷj seminar karpatorusynistikŷ  |c [avtorka tekstu a fotkŷ] Zdenka Citrjakova 
246 3 |a Tridsiatypiaty vedecký seminár karpatorusinistiky 
246 3 |a Trydcjat' pjatŷj naučnŷj seminar karpatorusynistikŷ 
300 |b Fotogr. 
500 |a Igor Šnicer je autorom prednášky 
610 2 7 |a Prešovská univerzita v Prešove.  |b Ústav rusínskeho jazyka a kultúry  |2 svkpocl  |9 132119 
611 2 7 |a Vedecký seminár karpatorusinistiky  |n (35. :  |d 2016 :  |c Prešov, Slovensko)  |2 svkpocl  |9 1289137 
611 2 7 |a Malá vojna v marci 1934 a začiatok druhej svetovej vojny pre podkarpatských Rusínov  |d (2016 :  |c Prešov, Slovensko)  |2 svkpocl  |9 1289138 
648 7 |a 6.4.2016  |2 svkpocl  |9 1237712 
648 7 |a marec 1939  |2 svkpocl  |9 514391 
648 7 |a 1939-1945  |2 svkpocl  |9 281648 
650 0 7 |a slavistika  |2 svkpocl  |9 4282 
650 0 7 |a rusinistika  |2 svkpocl  |9 90871 
650 0 7 |a Malá vojna, 1939  |2 svkpocl  |9 384893 
650 0 7 |a druhá svetová vojna (1939-1945)  |2 svkpocl  |9 169657 
650 0 7 |a Rusíni  |z Podkarpatská Rus  |2 svkpocl  |9 1289139 
650 0 7 |a semináre  |2 svkpocl  |9 18562 
651 7 |a Prešov (Slovensko)  |2 svkpocl  |9 17347 
651 7 |a Podkarpatská Rus  |2 svkpocl  |9 56369 
655 7 |a články z novín a časopisov  |2 svkpocl  |9 267496 
700 1 |a Šnicer, Igor  |4 oth  |9 1289140 
773 0 |t Narodnŷ novynkŷ  |g Roč. XXVI, č. 4 (2016), s. 4  |x 1339-5505 
852 |a SVKPO  |b KIS3GCP 
856 4 1 |u http://narodny-novynky.presov.sk 
856 4 1 |u http://www. rusynacademy.sk 
958 |a RN 
958 |a UK 
958 |a UA 
958 |a SS 
999 |c 2563513  |d 2565443